书目信息 |
| 题名: |
中国品牌十大病根
|
|
| 作者: | 冯帼英 编著 | |
| 分册: | ||
| 出版信息: | 北京 中国市场出版社 2007.02 |
|
| 页数: | 311页 | |
| 开本: | 20cm | |
| 丛书名: | ||
| 单 册: | ||
| 中图分类: | F279.23 | |
| 科图分类: | ||
| 主题词: | 企业经济 | |
| 电子资源: | ||
| ISBN: | 978-7-5092-0142-8 | |
| 000 | 00570nam0 2200205 45 | |
| 001 | 0932121327 | |
| 005 | 20091030085621.25 | |
| 010 | @a978-7-5092-0142-8@dCNY40.00 | |
| 100 | @a20090515d2007 ekmy0 y0120 ea | |
| 102 | @aCN@b130000 | |
| 105 | @ay z 000yy | |
| 200 | 1 | @a中国品牌十大病根@f冯帼英等编著@Ffeng guo ying deng bian zhu |
| 210 | @a北京@c中国市场出版社@d2007.02 | |
| 215 | @a311页@d20cm | |
| 606 | 0 | @a企业经济 |
| 690 | @aF279.23@v4 | |
| 701 | 0 | @a冯帼英@Afeng guo ying@4编著 |
| 801 | 0 | @aCN@c20091030 |
| 905 | @a10447@dF279.23@eF450 | |
| 906 | @d40@n3@r1 | |
| 中国品牌十大病根/冯帼英等编著.-北京:中国市场出版社,2007.02 |
| 311页;20cm |
| ISBN 978-7-5092-0142-8:CNY40.00 |
| ● |
| 相关链接 |
|
|
|
正题名:中国品牌十大病根
索取号:F279.23/F450
 
预约/预借
| 序号 | 登录号 | 条形码 | 馆藏地/架位号 | 状态 | 备注 |
| 1 | 658405 | 206584052 | 社科二线422/422社科库 30排2列4层/ [索取号:F279.23/F450] | 在馆 | |
| 2 | 658406 | 206584061 | 社科库409/400B社科库 1排2列4层/ [索取号:F279.23/F450] | 在馆 | |
| 3 | 658407 | 206584070 | 社科库409/409社科库 97排4列5层/ [索取号:F279.23/F450] | 在馆 |